250110 - Quiz quotidien du 10 janvier 2025 - Statistiques

Statistiques générales
  • Ce quiz a été pris 43 fois
  • Le résultat moyen est 5 sur 10
Statistiques - réponses
Question Réponse % Correct
Quel pays a remporté le plus de fois la Coupe du Monde de la FIFA masculine ? Brésil
100%
Les quatre "capitales" de la mode internationale sont Paris, Londres, New York et quelle autre ville ? Milan
100%
Quelle boisson a été introduite pour la première fois en Europe via l'Empire ottoman ? Café
75%
Que signifie D.C. dans Washington D.C. ? District de Columbia (District of Columbia)
75%
Quel jour de la semaine est appelé "Mittwoch" en Allemagne ? Mercredi
75%
Selon *Le Guide du voyageur galactique*, quelle est la réponse à la grande question sur la vie, l'univers et tout le reste ? 42
25%
Qui a dit célèbrement "Je trouve votre manque de foi troublant" ? Dark Vador
25%
Dans *Vaiana*, qui interprète la chanson "You're Welcome" ? Dwayne "The Rock" Johnson
25%
Quel type de roche est le granit ? Magmatique
0%
Que signifie le mot "Abstème" ? Qui ne boit pas d'alcool
0%
Aucun quiz correspondant
Distribution des résultats
% des personnes avec chaque résultat
Percentile par nombre de réponses
Votre historique - résultats
Vous n’avez pas pris ce quiz